<?xml version="1.0" encoding="UTF-8"?>
<collection xmlns="http://www.loc.gov/MARC21/slim">
  <record>
    <leader>00000nam  2200000   4500</leader>
    <controlfield tag="001">INLIS000000000020340</controlfield>
    <controlfield tag="005">20250613030421</controlfield>
    <datafield tag="035" ind1="#" ind2="#">
      <subfield code="a">0010-0625000082</subfield>
    </datafield>
    <controlfield tag="007">ta</controlfield>
    <controlfield tag="008">250613################|##########|#|##</controlfield>
    <datafield tag="084" ind1="#" ind2="#">
      <subfield code="a">R 0037 PKN I 2024</subfield>
    </datafield>
    <datafield tag="100" ind1=" " ind2="#">
      <subfield code="a">Gede Pramana</subfield>
    </datafield>
    <datafield tag="245" ind1="1" ind2="#">
      <subfield code="a">Akurasi dan Akselerasi Pengambilan Keputusan Pimpinan Dengan Pendekatan "PIL SAKTI" (Pusat Informasi Layanan Strategis Terkolaborasi dan Terintegrasi) /</subfield>
      <subfield code="c">Gede Pramana</subfield>
    </datafield>
    <datafield tag="260" ind1="#" ind2="#">
      <subfield code="a">Jakarta :</subfield>
      <subfield code="b">Pusbangkom Pimnas dan Manajerial ASN,</subfield>
      <subfield code="c">2024</subfield>
    </datafield>
    <datafield tag="300" ind1="#" ind2="#">
      <subfield code="a">133 hlm. ;</subfield>
      <subfield code="c">30 cm</subfield>
    </datafield>
    <datafield tag="650" ind1="#" ind2="4">
      <subfield code="a">Pusat Informasi</subfield>
    </datafield>
    <datafield tag="520" ind1="#" ind2="#">
      <subfield code="a">Solusi untuk mengatasi masalah tersebut yang telah dilaksanakan yaitu membangun layanan smart dashboard dengan mengintegrasikan berbagai layanan strategis di Lingkungan Pemerintah Provinsi Bali dalam satu dashboard sebagai summary executive untuk meningkatkan efisiensi, transparansi dan peningkatan kualitas pengambilan keputusan pimpinan berbasis data. Untuk mengatasi permasalahan ego sektoral dan mendorong kolaborasi dan integrasi di Lingkungan Pemerintah Provinsi Bali, serta memperkuat implementasi layanan smart dashboard, telah dibuat dan ditetapkan Surat Edaran Sekretaris Daerah Provinsi Bali tentang Kolaborasi dan Integrasi Layanan Digital yang telah disosialisasikan melalui berbagai media</subfield>
    </datafield>
    <datafield tag="990" ind1="#" ind2="#">
      <subfield code="a">2024/1.2.1/A/0037</subfield>
    </datafield>
  </record>
</collection>
